| 000 | 00508nam a2200181Ia 4500 | ||
|---|---|---|---|
| 008 | 240925s9999 xx 000 0 und d | ||
| 020 | _a9780470278703 | ||
| 082 | _a658.404 KER | ||
| 100 | _aKerzner, Harold | ||
| 245 | 0 | _aProject Management: a systems approach to planning, scheduling, and controlling | |
| 250 | _a10th | ||
| 260 |
_aNew Delhi: _bCengage Learning _c,2009. |
||
| 300 |
_a349p. _bNA _fOriginal |
||
| 500 | _aIncludes Index | ||
| 600 | _aManagement | ||
| 650 | _aManagement | ||
| 942 | _cBK | ||
| 999 |
_c14967 _d14967 |
||